| 000 | 01045nam a2200217Ia 4500 | ||
|---|---|---|---|
| 999 |
_c37922 _d37922 |
||
| 001 | 3900 | ||
| 003 | GE_BSU | ||
| 005 | 20190530183113.0 | ||
| 008 | 181216s1965||||ge |||||||||||||| ||geo|| | ||
| 040 | _cGE_BSU | ||
| 041 | _ageo | ||
| 080 | _a338.512 მ–87 | ||
| 100 |
_aმოურავიძე, დ. _91865 |
||
| 245 |
_aპროდუქციის თვითღირებულება და მისი შემცირების საკითხები საშენმასალათა მრეწველობაში / _cდ. მოურავიძე ; რედ : კ. ბაბილოძე. |
||
| 264 |
_aთბილისი : _bმეცნიერება, _c1965. |
||
| 300 |
_a238 გვ .: _c22 სმ. |
||
| 653 | _aსაშენი მასალების მრეწველობა | ||
| 653 | _aპროდუქციის თვითღირებულება | ||
| 700 |
_aბაბილოძე, კ _eრედაქტორი _91866 |
||
| 942 |
_cBK _2udc |
||